Statistics for Least Densely Populated Countries By Continent

Click here to take the quiz!

General Stats

  • This quiz has been taken 141 times
  • The average score is 5 of 6

Answer Stats

Continent Country % Correct
North AmericaCanada
98%
Australia/OceaniaAustralia
94%
AsiaMongolia
92%
South AmericaSuriname
90%
EuropeIceland
80%
AfricaNamibia
73%

Score Distribution

Percentile by Number Answered

Percent of People with Each Score

Your Score History

You have not taken this quiz